Rôznorodosť rodinných foriem - výzva pre sociálnu politiku
Ideologické, sociálnopolitické a administratívne definície rodiny. Aké chápanie rodiny je na Slovensku. Rodinná politika alebo politika podporujúca rodinu na Slovensku. Stratégia rodinnej politiky a reformulovanie jej cieľov.
Salvato in:
| Autore principale: | |
|---|---|
| Natura: | Capitolo di libro |
| Lingua: | slovacco |
| Soggetti: | |
| Tags: |
Nessun Tag, puoi essere il primo ad aggiungerne!!
|
MARC
| LEADER | 00000naa a2200000 4500 | ||
|---|---|---|---|
| 001 | r042875 | ||
| 005 | 20230929070334.9 | ||
| 041 | 0 | |a slo | |
| 044 | |a SK | ||
| 245 | 1 | 0 | |a Rôznorodosť rodinných foriem - výzva pre sociálnu politiku |c Erika Kvapilová |
| 520 | |a Ideologické, sociálnopolitické a administratívne definície rodiny. Aké chápanie rodiny je na Slovensku. Rodinná politika alebo politika podporujúca rodinu na Slovensku. Stratégia rodinnej politiky a reformulovanie jej cieľov. | ||
| 610 | 2 | 0 | |a politika rodinná |
| 610 | 2 | 0 | |a rodina |
| 610 | 2 | 0 | |a pôrodnosť |
| 610 | 2 | 0 | |a deti |
| 610 | 2 | 0 | |a žena a rodina |
| 610 | 2 | 0 | |a Európa |
| 610 | 2 | 0 | |a Slovensko |
| 100 | 1 | |a Kvapilová, Erika | |